[Event "95th Caplin Hastings Congress"]
[Site "Hastings"]
[Date "2019.12.28"]
[Round "1.1"]
[White "Howell, David W L"]
[Black "Yao, Lan"]
[Result "1-0"]
[WhiteElo "2676"]
[BlackElo "2281"]
[Annotator "TA"]
[PlyCount "137"]
[EventDate "2019.12.28"]
[EventType "swiss"]
[EventCountry "ENG"]
[SourceTitle "playchess.com"]
[Source "ChessBase"]
[SourceQuality "1"]

{[%evp 16,137,24,25,43,43,52,43,50,46,47,35,47,15,59,75,69,26,34,32,27,21,25,8,13,8,3,8,11,11,24,12,28,39,48,52,80,85,79,79,118,118,118,118,104,108,96,90,90,84,80,58,79,34,79,45,49,46,58,0,32,-102,-104,-92,-62,-97,0,0,41,41,71,74,74,75,139,140,205,202,210,210,210,210,210,210,216,231,433,444,436,429,418,382,369,247,847,830,780,616,1792,1042,1583,1275,6877,5363,29980,29978,29981,29982,29981,29982,29982,29983,29983,29984,29985,29986,29986,29987,29987,29988,29988,29989,29989,29990]} 1. g3 Nf6 2. Bg2 d5 3. Nf3 g6 4. c4 c6 5. b3 Bg7 6. Bb2 Nbd7 7. O-O O-O 8. Qc2 Re8 9. d4 Nf8 $146 {A11: English Opening: 1...c6} (9... a5 10. Nc3 Nb6 11. c5 Nbd7 12. Na4 Ne4 13. Rad1 Nf8 14. Ne5 Ng5 15. f3 f6 16. Nd3 Bf5 17. Qc1 Bxd3 18. Rxd3 {½-½ (43) Damljanovic,B (2552)-Roganovic,M (2524) Belgrade 2014}) 10. e3 Bf5 11. Qe2 Rc8 {White is slightly better.} 12. Rd1 Ne4 13. Ne5 Nd7 14. Nd3 Ndf6 15. f3 Nd6 16. Nd2 Bxd3 17. Qxd3 Nd7 18. f4 e6 19. c5 Nf5 $1 20. b4 a5 21. a3 b6 22. Bc3 a4 23. cxb6 Nxb6 24. Rac1 Nd6 25. Rc2 Nbc4 26. Nxc4 Nxc4 27. Be1 Qb6 28. Rxc4 dxc4 29. Qxc4 Rc7 30. Rc1 {[%mdl 1024] White has strong compensation.} Rec8 31. Bf1 Bf8 32. Bf2 Qb7 33. g4 Bd6 34. g5 Rb8 35. Be1 Qb5 36. Qc2 Qf5 37. Qxa4 (37. Qe2 $14) 37... Qg4+ (37... h6 $5) 38. Bg2 (38. Bg3 $1 $14 {is the one way to stay ahead.}) 38... Qe2 $17 39. Bf2 Qb2 40. Rxc6 Rxc6 ({Black should play} 40... Rbc8 $1 $17 41. Rxc7 (41. Rxd6 {gets mated.} Rc1+ 42. Bf1 Qe2 43. Qd1 Rxd1 44. Kg2 Rxf1 45. Kg3 Qxf2+ 46. Kg4 Qxe3 47. Rd8+ Rxd8 48. h4 Rxf4#) 41... Rxc7) 41. Bxc6 {Strongly threatening Kg2.} Rc8 {...Qc1+ is the strong threat.} (41... Bxb4 $5 42. axb4 Rxb4 43. Qa8+ Rb8 $11) 42. Kg2 Qc1 43. b5 {[%cal Bb4b5,Bb5b6,Bb6b7][%mdl 32]} Bxa3 44. Qa6 $36 {[%mdl 2048] White is in control.} Rf8 {[#]} (44... Rb8 $142) 45. Be4 $1 $16 Bb4 (45... h6 $16) 46. b6 $18 Qb2 {[#] next ...Be1 is good for Black.} 47. Qb5 $1 Qa3 48. b7 Bd6 49. h4 Bb8 50. h5 gxh5 $2 (50... Rd8 51. Qb6 Rf8) 51. Qe2 f5 52. gxf6 Rxf6 53. Qxh5 Rf7 54. Qc5 Qxc5 $2 (54... Rg7+ 55. Kh3 Qa6) 55. dxc5 {[%mdl 4096] Endgame KRB-KB} Kf8 56. Be1 Ke7 57. Bc3 Kd8 58. c6 h6 59. Kg3 Rc7 60. Kg4 {White mates.} Ke7 61. Be5 Kd8 62. Kh5 Ke7 63. Kxh6 Kf7 64. Kh5 Kf8 65. Kg6 Ke7 66. Kg7 Ke8+ 67. Bxc7 Bxc7 68. Kf6 e5 69. f5 {Accuracy: White = 73%, Black = 37%.} 1-0

[Event "95th Caplin Hastings Congress"]
[Site "Hastings"]
[Date "2019.12.28"]
[Round "1.2"]
[White "Stoyanov, Viktor"]
[Black "Edouard, Romain"]
[Result "0-1"]
[WhiteElo "2272"]
[BlackElo "2653"]
[Annotator "ChessBase"]
[PlyCount "52"]
[EventDate "2019.12.28"]
[EventType "swiss"]
[EventCountry "ENG"]
[SourceTitle "playchess.com"]
[Source "ChessBase"]
[SourceQuality "1"]
[TimeControl "40/6600+30:3000+30"]

1. Nf3 {[%emt 0:09:33]} c5 {[%emt 0:24:13]} 2. c4 {[%emt 0:00:17]} Nc6 {[%emt 0:00:17]} 3. d4 {[%emt 0:00:11]} cxd4 {[%emt 0:00:04]} 4. Nxd4 {[%emt 0:00:08]} Nf6 {[%emt 0:00:03]} 5. Nc3 {[%emt 0:00:07]} e6 {[%emt 0:00:04]} 6. e4 {[%emt 0:00:10]} Qc7 {[%emt 0:01:47]} 7. Be3 {[%emt 0:06:39]} Bb4 {[%emt 0:01:17]} 8. Nxc6 {[%emt 0:09:12]} Qxc6 {[%emt 0:03:42]} 9. f3 {[%emt 0:06:16]} d5 {[%emt 0:00:36]} 10. exd5 {[%emt 0:33:07]} exd5 {[%emt 0:00:13]} 11. Qd4 {[%emt 0:05:27]} O-O {[%emt 0:04:54]} 12. O-O-O {[%emt 0:01:38]} Be6 {[%emt 0:03:50]} 13. c5 {[%emt 0:03:04]} Bxc3 {[%emt 0:05:18]} 14. Qxc3 {[%emt 0:01:25]} b6 {[%emt 0:00:56]} 15. Kb1 {[%emt 0:13:46]} d4 {[%emt 0:01:36]} 16. Bxd4 {[%emt 0:07:39]} Bxa2+ {[%emt 0:01:31]} 17. Ka1 {[%emt 0:01:37]} Qa4 {[%emt 0:09:04]} 18. Bb5 {[%emt 0:00:10]} Qxb5 {[%emt 0:00:03]} 19. Kxa2 {[%emt 0:00:06]} Nd5 {[%emt 0:00:04]} 20. Qb3 {[%emt 0:02:45]} Nb4+ {[%emt 0:00:37]} 21. Kb1 {[%emt 0:02:25]} bxc5 {[%emt 0:00:04]} 22. Bc3 {[%emt 0:02:28]} a5 {[%emt 0:00:03]} 23. Bxb4 {[%emt 0:03:17]} c4 {[%emt 0:00:39]} 24. Qe3 {[%emt 0:00:58]} axb4 {[%emt 0:00:13]} 25. Rd4 {[%emt 0:02:02]} Qa4 {[%emt 0:03:15]} 26. Rhd1 {[%emt 0:00:39]} c3 {[%emt 0:00:28]} 0-1

[Event "95th Caplin Hastings Congress"]
[Site "Hastings"]
[Date "2019.12.28"]
[Round "1.3"]
[White "Van den Doel, Erik"]
[Black "Ratsma, Midas"]
[Result "1-0"]
[WhiteElo "2589"]
[BlackElo "2270"]
[Annotator "ChessBase"]
[PlyCount "47"]
[EventDate "2019.12.28"]
[EventType "swiss"]
[EventCountry "ENG"]
[SourceTitle "playchess.com"]
[Source "ChessBase"]
[SourceQuality "1"]
[TimeControl "40/6600+30:3000+30"]

1. d4 {[%emt 0:09:37]} d5 {[%emt 0:09:38]} 2. Nf3 {[%emt 0:00:06]} c5 {[%emt 0:01:48]} 3. e3 {[%emt 0:10:48]} cxd4 {[%emt 0:01:45]} 4. exd4 {[%emt 0:00:11]} Nc6 {[%emt 0:00:32]} 5. Bb5 {[%emt 0:01:21]} Bg4 {[%emt 0:03:40]} 6. O-O {[%emt 0:02:08]} e6 {[%emt 0:01:48]} 7. h3 {[%emt 0:05:55]} Bxf3 {[%emt 0:07:42]} 8. Qxf3 {[%emt 0:00:11]} Qb6 {[%emt 0:00:16]} 9. c4 {[%emt 0:05:13]} dxc4 {[%emt 0:15:43]} 10. Nc3 {[%emt 0:01:49]} Bb4 {[%emt 0:31:25]} 11. d5 {[%emt 0:01:28]} Bxc3 {[%emt 0:02:30]} 12. Qxc3 {[%emt 0:02:25]} Nf6 {[%emt 0:07:33]} 13. Bxc6+ {[%emt 0:41:09]} bxc6 {[%emt 0:00:05]} 14. dxe6 {[%emt 0:00:03]} O-O {[%emt 0:01:29]} 15. exf7+ {[%emt 0:01:36]} Rxf7 {[%emt 0:00:07]} 16. Qxc4 {[%emt 0:00:03]} Raf8 {[%emt 0:04:00]} 17. b3 {[%emt 0:00:30]} Nd5 {[%emt 0:03:07]} 18. Ba3 {[%emt 0:00:14]} Rf4 {[%emt 0:04:28]} 19. Qe2 {[%emt 0:01:16]} Nb4 {[%emt 0:02:08]} 20. Rad1 {[%emt 0:02:30]} Qa5 {[%emt 0:04:36]} 21. Qe6+ {[%emt 0:05:38]} Kh8 {[%emt 0:00:47]} 22. Bb2 {[%emt 0:00:54]} Qxa2 {[%emt 0:03:58]} 23. Rd2 {[%emt 0:03:28]} Qa5 {[%emt 0:02:11]} 24. Rd7 {[%emt 0:00:16]} 1-0

[Event "95th Caplin Hastings Congress"]
[Site "Hastings"]
[Date "2019.12.28"]
[Round "1.4"]
[White "Lyell, Mark"]
[Black "Sengupta, Deep"]
[Result "0-1"]
[WhiteElo "2265"]
[BlackElo "2564"]
[Annotator "ChessBase"]
[PlyCount "52"]
[EventDate "2019.12.28"]
[EventType "swiss"]
[EventCountry "ENG"]
[SourceTitle "playchess.com"]
[Source "ChessBase"]
[SourceQuality "1"]
[TimeControl "40/6600+30:3000+30"]

1. e4 {[%emt 0:10:05]} c6 {[%emt 0:09:35]} 2. d4 {[%emt 0:00:48]} d5 {[%emt 0:00:06]} 3. exd5 {[%emt 0:00:07]} cxd5 {[%emt 0:00:05]} 4. Bd3 {[%emt 0:00:11]} Nc6 {[%emt 0:00:05]} 5. c3 {[%emt 0:00:07]} Nf6 {[%emt 0:00:03]} 6. Bf4 {[%emt 0:00:19]} Bg4 {[%emt 0:00:28]} 7. Qb3 {[%emt 0:00:33]} Qd7 {[%emt 0:00:06]} 8. Nd2 {[%emt 0:00:44]} e6 {[%emt 0:00:07]} 9. Ngf3 {[%emt 0:00:27]} Bd6 {[%emt 0:00:49]} 10. Ne5 {[%emt 0:04:42]} Qc7 {[%emt 0:00:12]} 11. h3 {[%emt 0:17:04]} Nxe5 {[%emt 0:18:10]} 12. dxe5 {[%emt 0:00:22]} Bxe5 {[%emt 0:00:06]} 13. Bxe5 {[%emt 0:14:15]} Qxe5+ {[%emt 0:00:16]} 14. Kf1 {[%emt 0:00:05]} Bf5 {[%emt 0:01:43]} 15. Bxf5 {[%emt 0:09:11]} Qxf5 {[%emt 0:00:19]} 16. Qxb7 {[%emt 0:00:14]} O-O {[%emt 0:02:13]} 17. Kg1 {[%emt 0:15:21]} Rfb8 {[%emt 0:02:55]} 18. Qc6 {[%emt 0:03:46]} Qc2 {[%emt 0:00:08]} 19. Nf3 {[%emt 0:02:46]} Qxb2 {[%emt 0:00:19]} 20. Kh2 {[%emt 0:00:54]} Rc8 {[%emt 0:01:22]} 21. Qa4 {[%emt 0:05:33]} Rc4 {[%emt 0:18:39]} 22. Qb3 {[%emt 0:02:30]} Qxf2 {[%emt 0:00:53]} 23. Rab1 {[%emt 0:01:43]} Rf8 {[%emt 0:01:01]} 24. Rb2 {[%emt 0:05:25]} Qc5 {[%emt 0:00:28]} 25. Rc1 {[%emt 0:03:38]} Ne4 {[%emt 0:02:02]} 26. Rbc2 {[%emt 0:03:47]} Qd6+ {[%emt 0:00:43]} 0-1

[Event "95th Caplin Hastings Congress"]
[Site "Hastings"]
[Date "2019.12.28"]
[Round "1.5"]
[White "Kantor, Gergely"]
[Black "Merriman, John"]
[Result "0-1"]
[WhiteElo "2541"]
[BlackElo "2219"]
[Annotator "ChessBase"]
[PlyCount "122"]
[EventDate "2019.12.28"]
[EventType "swiss"]
[EventCountry "ENG"]
[SourceTitle "playchess.com"]
[Source "ChessBase"]
[SourceQuality "1"]
[TimeControl "40/6600+30:3000+30"]

1. d4 {[%emt 0:09:31]} Nf6 {[%emt 0:09:57]} 2. c4 {[%emt 0:02:42]} e6 {[%emt 0:00:07]} 3. g3 {[%emt 0:00:09]} d5 {[%emt 0:00:29]} 4. Bg2 {[%emt 0:00:05]} Bb4+ {[%emt 0:00:25]} 5. Nd2 {[%emt 0:00:38]} O-O {[%emt 0:00:43]} 6. Ngf3 {[%emt 0:01:15]} dxc4 {[%emt 0:01:44]} 7. a3 {[%emt 0:02:11]} Bxd2+ {[%emt 0:13:22]} 8. Bxd2 {[%emt 0:00:20]} b5 {[%emt 0:06:21]} 9. a4 {[%emt 0:03:56]} c6 {[%emt 0:01:07]} 10. b3 {[%emt 0:11:05]} cxb3 {[%emt 0:06:10]} 11. Qxb3 {[%emt 0:03:07]} a6 {[%emt 0:06:52]} 12. O-O {[%emt 0:03:21]} Bb7 {[%emt 0:05:21]} 13. Rfd1 {[%emt 0:08:21]} Nbd7 {[%emt 0:04:29]} 14. Ne5 {[%emt 0:02:25]} Qc7 {[%emt 0:14:36]} 15. Nxd7 {[%emt 0:06:23]} Nxd7 {[%emt 0:04:20]} 16. Rac1 {[%emt 0:01:54]} Rac8 {[%emt 0:04:30]} 17. Bf4 {[%emt 0:08:41]} Qb6 {[%emt 0:00:38]} 18. Qb4 {[%emt 0:03:11]} e5 {[%emt 0:11:51]} 19. a5 {[%emt 0:13:09]} Qc7 {[%emt 0:04:39]} 20. dxe5 {[%emt 0:00:16]} Nxe5 {[%emt 0:00:30]} 21. Rc5 {[%emt 0:08:11]} f6 {[%emt 0:01:20]} 22. h4 {[%emt 0:02:42]} Rfe8 {[%emt 0:03:09]} 23. h5 {[%emt 0:01:08]} Qf7 {[%emt 0:04:43]} 24. Bxe5 {[%emt 0:04:52]} fxe5 {[%emt 0:00:38]} 25. Bf3 {[%emt 0:03:50]} Re7 {[%emt 0:01:10]} 26. Qe4 {[%emt 0:03:20]} Rce8 {[%emt 0:02:08]} 27. Bg4 {[%emt 0:02:43]} Rf8 {[%emt 0:02:06]} 28. f3 {[%emt 0:02:18]} Qf6 {[%emt 0:00:13]} 29. Kg2 {[%emt 0:01:19]} g6 {[%emt 0:00:35]} 30. Qe3 {[%emt 0:02:45]} Bc8 {[%emt 0:02:47]} 31. Bxc8 Rxc8 {[%emt 0:00:02]} 32. hxg6 {[%emt 0:01:15]} hxg6 {[%emt 0:00:23]} 33. Rh1 {[%emt 0:00:36]} Re6 {[%emt 0:03:54]} 34. Rc2 {[%emt 0:03:36]} Rce8 {[%emt 0:01:38]} 35. Qa7 {[%emt 0:01:08]} Qe7 {[%emt 0:01:02]} 36. Qxa6 {[%emt 0:00:42]} e4 {[%emt 0:00:38]} 37. f4 {[%emt 0:01:11]} Qd7 {[%emt 0:02:09]} 38. Qb6 {[%emt 0:00:29]} e3 {[%emt 0:00:37]} 39. Qc5 {[%emt 0:00:45]} Rd8 {[%emt 0:01:23]} 40. Rhc1 {[%emt 0:02:39]} Ra8 {[%emt 0:00:38]} 41. Ra1 {[%emt 0:09:51]} Ra6 {[%emt 0:03:06]} 42. Ra3 {[%emt 0:05:46]} Kf7 {[%emt 0:20:54]} 43. Rd3 {[%emt 0:15:26]} Qe7 {[%emt 0:08:33]} 44. Qc3 {[%emt 0:06:45]} Ra8 {[%emt 0:05:55]} 45. Rc1 {[%emt 0:02:13]} b4 {[%emt 0:01:47]} 46. Qa1 {[%emt 0:07:08]} Rf6 {[%emt 0:08:42]} 47. Rh1 {[%emt 0:00:25]} Kg7 {[%emt 0:02:40]} 48. Kg1 {[%emt 0:02:29]} c5 {[%emt 0:00:50]} 49. Rd5 {[%emt 0:01:41]} Rd8 {[%emt 0:01:16]} 50. Re5 {[%emt 0:01:30]} Qd6 {[%emt 0:00:06]} 51. Rxe3 {[%emt 0:00:42]} c4 {[%emt 0:00:13]} 52. Kf2 {[%emt 0:00:53]} c3 {[%emt 0:00:07]} 53. Qa4 {[%emt 0:00:34]} Qc5 {[%emt 0:00:41]} 54. Kf3 {[%emt 0:01:37]} Qd5+ {[%emt 0:02:07]} 55. Re4 {[%emt 0:00:02]} b3 {[%emt 0:00:08]} 56. Qb4 {[%emt 0:00:30]} Re8 {[%emt 0:00:25]} 57. a6 {[%emt 0:00:36]} Qxe4+ {[%emt 0:00:44]} 58. Qxe4 {[%emt 0:00:02]} Rxe4 {[%emt 0:00:04]} 59. Kxe4 {[%emt 0:00:15]} Rxa6 {[%emt 0:00:02]} 60. Kd3 {[%emt 0:00:06]} Rc6 {[%emt 0:00:31]} 61. Ra1 {[%emt 0:00:04]} c2 {[%emt 0:00:36]} 0-1

[Event "95th Caplin Hastings Congress"]
[Site "Hastings"]
[Date "2019.12.28"]
[Round "1.6"]
[White "Wall, Tim P"]
[Black "Stany, G.A."]
[Result "0-1"]
[WhiteElo "2218"]
[BlackElo "2526"]
[Annotator "ChessBase"]
[PlyCount "48"]
[EventDate "2019.12.28"]
[EventType "swiss"]
[EventCountry "ENG"]
[SourceTitle "playchess.com"]
[Source "ChessBase"]
[SourceQuality "1"]
[TimeControl "40/6600+30:3000+30"]

1. f4 {[%emt 0:10:21]} Nf6 {[%emt 0:11:00]} 2. Nf3 {[%emt 0:04:04]} g6 {[%emt 0:00:05]} 3. g3 {[%emt 0:00:31]} Bg7 {[%emt 0:00:03]} 4. Bg2 {[%emt 0:00:16]} c5 {[%emt 0:03:09]} 5. O-O {[%emt 0:00:22]} Nc6 {[%emt 0:00:08]} 6. d3 {[%emt 0:00:47]} d5 {[%emt 0:00:06]} 7. c3 {[%emt 0:02:16]} O-O {[%emt 0:02:47]} 8. Na3 {[%emt 0:03:23]} d4 {[%emt 0:05:34]} 9. e4 {[%emt 0:03:16]} Rb8 {[%emt 0:11:53]} 10. Qe2 {[%emt 0:21:39]} b5 {[%emt 0:03:32]} 11. Bd2 {[%emt 0:04:20]} e5 {[%emt 0:17:35]} 12. c4 {[%emt 0:25:08]} b4 {[%emt 0:02:02]} 13. Nc2 {[%emt 0:00:30]} b3 {[%emt 0:01:16]} 14. axb3 {[%emt 0:03:22]} Rxb3 {[%emt 0:00:37]} 15. Bc1 {[%emt 0:00:44]} exf4 {[%emt 0:05:50]} 16. gxf4 {[%emt 0:00:29]} Ng4 {[%emt 0:01:00]} 17. Ra3 {[%emt 0:03:31]} Qb6 {[%emt 0:17:41]} 18. h3 {[%emt 0:03:41]} Nf6 {[%emt 0:00:29]} 19. Qf2 {[%emt 0:15:43]} Nh5 {[%emt 0:06:34]} 20. Nd2 {[%emt 0:08:00]} Rxa3 {[%emt 0:11:48]} 21. bxa3 {[%emt 0:04:03]} Nd8 {[%emt 0:04:22]} 22. Rd1 {[%emt 0:01:38]} Bd7 {[%emt 0:00:40]} 23. Nf1 {[%emt 0:00:13]} Ba4 {[%emt 0:02:05]} 24. Bf3 {[%emt 0:01:23]} Qb1 {[%emt 0:00:00]} 0-1

[Event "95th Caplin Hastings Congress"]
[Site "Hastings"]
[Date "2019.12.28"]
[Round "1.7"]
[White "Korneev, Oleg"]
[Black "Lehaci, Miruna-Daria"]
[Result "1-0"]
[WhiteElo "2524"]
[BlackElo "2214"]
[Annotator "ChessBase"]
[PlyCount "147"]
[EventDate "2019.12.28"]
[EventType "swiss"]
[EventCountry "ENG"]
[SourceTitle "playchess.com"]
[Source "ChessBase"]
[SourceQuality "1"]
[TimeControl "40/6600+30:3000+30"]

1. d4 {[%emt 0:11:54]} Nf6 {[%emt 0:09:36]} 2. Nf3 {[%emt 0:00:03]} e6 {[%emt 0:00:06]} 3. Bf4 {[%emt 0:00:04]} d5 {[%emt 0:00:14]} 4. e3 {[%emt 0:00:04]} Bd6 {[%emt 0:00:32]} 5. Bg3 {[%emt 0:00:56]} O-O {[%emt 0:00:48]} 6. Nbd2 {[%emt 0:00:31]} b6 {[%emt 0:01:07]} 7. c3 {[%emt 0:12:39]} c5 {[%emt 0:01:01]} 8. a4 {[%emt 0:05:10]} Nc6 {[%emt 0:03:56]} 9. Bb5 {[%emt 0:01:43]} Bb7 {[%emt 0:01:20]} 10. O-O {[%emt 0:01:17]} a6 {[%emt 0:08:30]} 11. Bxc6 {[%emt 0:03:03]} Bxc6 {[%emt 0:00:07]} 12. Bxd6 {[%emt 0:02:06]} Qxd6 {[%emt 0:00:06]} 13. a5 {[%emt 0:00:04]} Rab8 {[%emt 0:08:43]} 14. Ne5 {[%emt 0:08:28]} Be8 {[%emt 0:09:29]} 15. Qc2 {[%emt 0:21:21]} Nd7 {[%emt 0:03:17]} 16. Nxd7 {[%emt 0:10:13]} Bxd7 {[%emt 0:00:24]} 17. Rfb1 {[%emt 0:14:28]} e5 {[%emt 0:09:42]} 18. axb6 {[%emt 0:01:35]} cxd4 {[%emt 0:03:59]} 19. exd4 {[%emt 0:00:44]} exd4 {[%emt 0:02:08]} 20. Rxa6 {[%emt 0:13:00]} Bb5 {[%emt 0:04:46]} 21. Raa1 {[%emt 0:00:03]} Qxb6 {[%emt 0:00:37]} 22. Nf3 {[%emt 0:00:38]} Rfc8 {[%emt 0:09:29]} 23. Qd2 {[%emt 0:00:33]} dxc3 {[%emt 0:01:00]} 24. bxc3 {[%emt 0:00:03]} Qd6 {[%emt 0:03:34]} 25. Nd4 {[%emt 0:00:28]} Bc4 {[%emt 0:00:43]} 26. h3 {[%emt 0:04:47]} h6 {[%emt 0:01:59]} 27. Rxb8 {[%emt 0:01:22]} Rxb8 {[%emt 0:00:29]} 28. Qe3 {[%emt 0:00:30]} Kh7 {[%emt 0:09:50]} 29. Qf3 {[%emt 0:02:43]} Rb7 {[%emt 0:02:10]} 30. Re1 {[%emt 0:01:14]} Qg6 {[%emt 0:02:33]} 31. Kh2 {[%emt 0:00:47]} Rb6 {[%emt 0:03:32]} 32. Re5 {[%emt 0:01:27]} Qd6 {[%emt 0:06:13]} 33. Qf5+ {[%emt 0:00:17]} Qg6 {[%emt 0:00:05]} 34. Qf3 {[%emt 0:00:55]} Qd6 {[%emt 0:00:04]} 35. Qf5+ {[%emt 0:00:23]} Qg6 {[%emt 0:00:04]} 36. Qxg6+ {[%emt 0:01:31]} Rxg6 {[%emt 0:00:30]} 37. Re7 {[%emt 0:00:19]} Rf6 {[%emt 0:00:59]} 38. f3 {[%emt 0:00:10]} g6 {[%emt 0:00:23]} 39. Nc2 {[%emt 0:01:24]} Kg7 {[%emt 0:00:54]} 40. Nd4 {[%emt 0:00:30]} Ra6 {[%emt 0:00:16]} 41. g4 {[%emt 0:50:19]} Ra2+ {[%emt 0:50:55]} 42. Kg3 {[%emt 0:00:14]} Rd2 {[%emt 0:01:26]} 43. Re3 {[%emt 0:00:00]} Bf1 {[%emt 0:00:00]} 44. h4 {[%emt 0:00:00]} Rg2+ {[%emt 0:00:00]} 45. Kf4 {[%emt 0:00:00]} Kf6 {[%emt 0:00:00]} 46. Re5 {[%emt 0:00:00]} Rh2 {[%emt 0:00:00]} 47. Re1 {[%emt 0:00:00]} g5+ {[%emt 0:00:00]} 48. Ke3 {[%emt 0:00:00]} Bc4 {[%emt 0:00:00]} 49. h5 {[%emt 0:00:00]} Ke5 {[%emt 0:00:00]} 50. Ra1 {[%emt 0:00:00]} Ba2 {[%emt 0:00:00]} 51. Re1 {[%emt 0:00:00]} Bc4 {[%emt 0:00:00]} 52. Nf5 {[%emt 0:00:00]} Rc2 {[%emt 0:00:00]} 53. Nxh6 {[%emt 0:00:00]} Kf6 {[%emt 0:00:00]} 54. Nf5 {[%emt 0:00:00]} Rxc3+ {[%emt 0:00:00]} 55. Kf2 {[%emt 0:00:00]} Rd3 {[%emt 0:00:00]} 56. Nd6 {[%emt 0:00:00]} Kg7 {[%emt 0:00:00]} 57. Re7 {[%emt 0:00:00]} Rd2+ {[%emt 0:00:00]} 58. Ke1 {[%emt 0:00:00]} Ra2 {[%emt 0:00:00]} 59. Rxf7+ {[%emt 0:00:00]} Kg8 {[%emt 0:00:00]} 60. Rf5 {[%emt 0:02:00]} Bb3 {[%emt 0:00:00]} 61. Rxg5+ {[%emt 0:00:10]} Kf8 {[%emt 0:00:00]} 62. Nf5 {[%emt 0:01:03]} Rh2 {[%emt 0:00:00]} 63. Kf1 {[%emt 0:00:53]} Ra2 {[%emt 0:00:00]} 64. h6 {[%emt 0:01:00]} Ra7 {[%emt 0:00:00]} 65. Rg6 {[%emt 0:04:31]} Bc2 {[%emt 0:00:00]} 66. Rd6 {[%emt 0:00:25]} Bxf5 {[%emt 0:00:00]} 67. Rf6+ {[%emt 0:00:11]} Kg8 {[%emt 0:00:00]} 68. Rxf5 {[%emt 0:00:03]} Rd7 {[%emt 0:00:00]} 69. g5 {[%emt 0:00:45]} Kh7 {[%emt 0:00:00]} 70. Rf6 {[%emt 0:01:34]} d4 {[%emt 0:00:00]} 71. Ke2 {[%emt 0:00:06]} d3+ {[%emt 0:00:00]} 72. Kd2 {[%emt 0:00:05]} Rd8 {[%emt 0:00:00]} 73. Rf7+ {[%emt 0:00:48]} Kg6 {[%emt 0:00:00]} 74. Rg7+ {[%emt 0:00:13]} 1-0

[Event "95th Caplin Hastings Congress"]
[Site "Hastings"]
[Date "2019.12.28"]
[Round "1.8"]
[White "Ratnesan, Ranesh"]
[Black "Howell, Chris I"]
[Result "1-0"]
[WhiteElo "2213"]
[BlackElo "1961"]
[Annotator "ChessBase"]
[PlyCount "91"]
[EventDate "2019.12.28"]
[EventType "swiss"]
[EventCountry "ENG"]
[SourceTitle "playchess.com"]
[Source "ChessBase"]
[SourceQuality "1"]
[TimeControl "40/6600+30:3000+30"]

1. d4 {[%emt 0:09:33]} Nf6 {[%emt 0:09:39]} 2. c4 {[%emt 0:00:20]} g6 {[%emt 0:00:05]} 3. g3 {[%emt 0:00:28]} Bg7 {[%emt 0:00:06]} 4. Bg2 {[%emt 0:00:07]} O-O {[%emt 0:00:15]} 5. Nc3 {[%emt 0:00:59]} d6 {[%emt 0:00:21]} 6. Nf3 {[%emt 0:00:24]} Nc6 {[%emt 0:01:15]} 7. O-O {[%emt 0:00:18]} e5 {[%emt 0:01:39]} 8. dxe5 {[%emt 0:09:08]} dxe5 {[%emt 0:05:31]} 9. Bg5 {[%emt 0:00:00]} Qxd1 {[%emt 0:02:44]} 10. Rfxd1 {[%emt 0:00:00]} h6 {[%emt 0:05:51]} 11. Bxf6 {[%emt 0:01:26]} Bxf6 {[%emt 0:00:09]} 12. Nd2 {[%emt 0:00:55]} Ne7 {[%emt 0:04:50]} 13. Rac1 {[%emt 0:11:35]} c6 {[%emt 0:03:33]} 14. b4 {[%emt 0:03:27]} Bg7 {[%emt 0:07:07]} 15. Nde4 {[%emt 0:12:26]} f5 {[%emt 0:04:08]} 16. Nd6 {[%emt 0:00:59]} Be6 {[%emt 0:08:00]} 17. Nxb7 {[%emt 0:09:51]} Rab8 {[%emt 0:03:06]} 18. Nc5 {[%emt 0:00:40]} Bxc4 {[%emt 0:01:30]} 19. Nd7 {[%emt 0:01:09]} Rxb4 {[%emt 0:00:24]} 20. Nxf8 {[%emt 0:00:10]} Kxf8 {[%emt 0:00:35]} 21. e4 {[%emt 0:05:06]} fxe4 {[%emt 0:01:23]} 22. a3 {[%emt 0:01:14]} Rb3 {[%emt 0:04:04]} 23. Nxe4 {[%emt 0:01:07]} Bd5 {[%emt 0:01:18]} 24. a4 {[%emt 0:08:37]} Rb4 {[%emt 0:04:31]} 25. Nc5 {[%emt 0:01:18]} e4 {[%emt 0:00:27]} 26. Rb1 {[%emt 0:06:05]} Rc4 {[%emt 0:03:29]} 27. Rdc1 {[%emt 0:00:27]} Rd4 {[%emt 0:06:58]} 28. a5 {[%emt 0:12:14]} Rd2 {[%emt 0:02:05]} 29. Bxe4 {[%emt 0:08:25]} Bd4 {[%emt 0:01:53]} 30. Bxd5 {[%emt 0:00:25]} Bxf2+ {[%emt 0:00:25]} 31. Kh1 {[%emt 0:00:28]} cxd5 {[%emt 0:02:07]} 32. Rb7 {[%emt 0:03:16]} Re2 {[%emt 0:09:04]} 33. Nd3 {[%emt 0:02:20]} Be3 {[%emt 0:00:58]} 34. Rf1+ {[%emt 0:01:24]} Ke8 {[%emt 0:00:19]} 35. Ne5 {[%emt 0:01:31]} Nf5 {[%emt 0:00:32]} 36. Nxg6 {[%emt 0:02:29]} Rf2 {[%emt 0:00:47]} 37. Rxf2 {[%emt 0:00:59]} Bxf2 {[%emt 0:00:01]} 38. Nf4 {[%emt 0:01:56]} Ne7 {[%emt 0:03:28]} 39. Kg2 {[%emt 0:01:04]} Bc5 {[%emt 0:01:19]} 40. Ne6 {[%emt 0:03:16]} Be3 {[%emt 0:00:27]} 41. Kf3 {[%emt 0:51:09]} Bd2 {[%emt 0:53:03]} 42. a6 {[%emt 0:00:00]} Nc6 {[%emt 0:00:00]} 43. Rc7 {[%emt 0:00:00]} Ne5+ {[%emt 0:00:00]} 44. Ke2 {[%emt 0:00:00]} Ba5 {[%emt 0:00:00]} 45. Rxa7 {[%emt 0:00:00]} Nc6 {[%emt 0:00:00]} 46. Rb7 {[%emt 0:00:00]} 1-0